| 000 | 00848cam a22002773a 4500 | ||
|---|---|---|---|
| 001 | 22404 | ||
| 003 | PGUSA | ||
| 005 | 20140828083457.0 | ||
| 008 | 070826s2007||||xxu|||||s|||||000 1 eng d | ||
| 040 |
_aPGUSA _beng |
||
| 042 | _adc | ||
| 050 | 4 | _aPZ | |
| 245 | 1 | 4 |
_aThe Story of the White-Rock Cove _h[electronic resource] / _cAnonymous |
| 260 |
_bProject Gutenberg, _c2007 |
||
| 506 | _aPublic domain in the USA. | ||
| 516 | _aElectronic text | ||
| 653 | _aCousins -- Juvenile fiction | ||
| 653 | _aSeashore -- Juvenile fiction | ||
| 653 | _aAdventure and adventurers -- Juvenile fiction | ||
| 653 | _aHolidays -- Juvenile fiction | ||
| 653 | _aChristian life -- Juvenile fiction | ||
| 653 | _aFriendship -- Juvenile fiction | ||
| 830 | 0 |
_aProject Gutenberg _v22404 |
|
| 856 | 4 | 0 | _uhttp://www.gutenberg.org/ebooks/22404 |
| 942 | _cEB | ||
| 999 |
_c251659 _d251659 |
||